banner-ar

CHILDREN AND BOOKS / (Record no. 12333)

MARC details
000 -الفاتح
حقل البيانات ثابتة الطول 00538nam a2200193Ia 4500
008 - عناصر البيانات ثابتة الطول - معلومات عامة
حقل البيانات ثابتة الطول 140319s9999 xx 000 0 eng d
040 ## - مصدر الفهرسة
وكالة الفهرسة الأصلية GCL /
وكالة النسخ GCL
082 04 - رقم تصنيف ديوى العشرى
رقم التصنيف 809.8982
رقم المادة S C
100 1# - المدخل الرئيسى - إسم شخصى
الإسم الشخصى SUTHERLAND, ZENA
245 10 - بيان العنوان
العنوان CHILDREN AND BOOKS /
بيان المسئوليه,etc SUTHERLAND, ZENA
700 1# - المدخل الاضافى - اسم شخصى
الإسم الشخصى ARBUTHNOT, MAYHILL
260 ## - PUBLICATION, DISTRIBUTION, ETC. (IMPRINT)
تاريخ النشر أو التوزيع 1994
300 ## - الوصف المادى
التعداد 768\P
650 04 - المدخل الاضافى بالموضوع-مصطلح موضوعى
مصطلح موضوعي CHILDREN - LITERATURE
650 04 - المدخل الاضافى بالموضوع-مصطلح موضوعى
مصطلح موضوعي CHILDREN - BOOKS AND READING
650 04 - المدخل الاضافى بالموضوع-مصطلح موضوعى
مصطلح موضوعي CHILDREN - BOOKS
942 ## - عناصر المدخل الإضافي( كوها)
مصدر التصنيف او مخطط الترفيف Dewey Decimal Classification
Koha [default] item type كتاب
260 ## - PUBLICATION, DISTRIBUTION, ETC. (IMPRINT)
-- [S.N] :
-- HARPER COLLINS COLLEGE PUBLISBERS ،
Holdings
حالة التراجع حالة الفقد حالة تلف ليس للاعارة المكان المؤقت الموقع الحالى تاريخ الاكتساب اجمالي اﻻعارات رقم الطلب الباركود تاريخ اخر مشاهدة تاريخ تفعيل السعر نوع وعاء كوها
        مكتبة القاهرة الكبرى مكتبة القاهرة الكبرى 03/26/2014   809.8982\S C 24036 03/26/2014 03/26/2014 كتاب
        مكتبة القاهرة الكبرى مكتبة القاهرة الكبرى 03/26/2014   809.8982\S C 24037 03/26/2014 03/26/2014 كتاب

Powered By

EGPV